PC-based instrumentation and control / (Record no. 178754)
[ view plain ]
| 000 -LEADER | |
|---|---|
| fixed length control field | 01026 a2200217 4500 |
| 003 - CONTROL NUMBER IDENTIFIER | |
| control field | Nust |
| 005 - DATE AND TIME OF LATEST TRANSACTION | |
| control field | 20230103122533.0 |
| 010 ## - LIBRARY OF CONGRESS CONTROL NUMBER | |
| LC control number | 2005280525 |
| 020 ## - INTERNATIONAL STANDARD BOOK NUMBER | |
| International Standard Book Number | 0750647167 |
| 040 ## - CATALOGING SOURCE | |
| Transcribing agency | Nust |
| 082 00 - DEWEY DECIMAL CLASSIFICATION NUMBER | |
| Classification number | 629.89,TOO |
| 100 1# - MAIN ENTRY--PERSONAL NAME | |
| Personal name | Tooley, Michael H. |
| 9 (RLIN) | 103830 |
| 245 10 - TITLE STATEMENT | |
| Title | PC-based instrumentation and control / |
| Statement of responsibility, etc. | Mike Tooley |
| 250 ## - EDITION STATEMENT | |
| Edition statement | 3rd ed. |
| 260 ## - PUBLICATION, DISTRIBUTION, ETC. | |
| Place of publication, distribution, etc. | Amsterdam |
| -- | Boston |
| Name of publisher, distributor, etc. | Elsevier/Butterworth Heinemann |
| Date of publication, distribution, etc. | 2005 |
| 300 ## - PHYSICAL DESCRIPTION | |
| Extent | xvi, 496 p. : |
| Other physical details | ill. ; |
| Dimensions | 25 cm. |
| 505 ## - FORMATTED CONTENTS NOTE | |
| Formatted contents note | The PC (Page-3), PC Expansion Systems (Page-567), Using the Command Line Interface (Page-107), Programming(Page-151), Assembly Language Programming (Page-167), BASIC and Visual BASIC Programming (Page-189), C and C++ Programming (Page-225), The IEEE-488 Bus (Page-250), Interfacing (Page-261), Software Packages (Page-301), Virtual Instruments (Page-325), Applications (Page-355), Reliability and Fault-Finding (Page-393). |
| 650 #0 - SUBJECT ADDED ENTRY--TOPICAL TERM | |
| Topical term or geographic name entry element | Automatic control |
| General subdivision | Data processing. |
| 9 (RLIN) | 106716 |
| 650 #0 - SUBJECT ADDED ENTRY--TOPICAL TERM | |
| Topical term or geographic name entry element | Microprocessors. |
| 9 (RLIN) | 18075 |
| 942 ## - ADDED ENTRY ELEMENTS (KOHA) | |
| Source of classification or shelving scheme | |
| Koha item type | Book |
| Withdrawn status | Lost status | Source of classification or shelving scheme | Damaged status | Not for loan | Permanent Location | Current Location | Shelving location | Date acquired | Full call number | Barcode | Date last seen | Price effective from | Koha item type | Public note |
|---|---|---|---|---|---|---|---|---|---|---|---|---|---|---|
| Military College of Signals (MCS) | Military College of Signals (MCS) | General Stacks | 12/12/2016 | 629.89,TOO | MCS32429 | 12/08/2016 | 12/12/2016 | Book | Almirah No.42, Shelf No.1 |
